000 00252nam a2200109Ia 4500
008 231212s1972 xx 000 0 und d
041 _aeng
082 _a621
100 _aGelberg B.
245 _aRepair of Industrial
260 _aMascow
_bMir Pub
_c1972
999 _c958496
_d958496